00473pab a2200157 454500008004000000100002300040245009400063260000900157300001200166362000800178650003500186650002700221700002500248700001600273773002600289180718b2001 xxu||||| |||| 00| 0 eng d aKumar, T. Vasantha aMeasurement of output efficiency among total manufacturing sectors of major Indian states c2001 a430-41. aDec aManufacturing industry - India aManufacturing industry aReddy, C. Subba Rami aAbbaiah, R. aAsian Economic Review